[Event "20. Int. Boeblinger Open"]
[Site "Boeblingen"]
[Date "2003.12.26"]
[Round "1"]
[White "Baklan, Vladimir"]
[Black "Lachmayer, Manfred"]
[Result "1-0"]
[WhiteElo "2600"]
[BlackElo "1925"]
[PlyCount "39"]
[EventDate "2003.??.??"]

1. e4 d6 2. d4 c6 3. Nc3 Qc7 4. f4 a6 5. Nf3 Bg4 6. h3 Bxf3 7. Qxf3 Nd7 8. e5
e6 9. Bd3 d5 10. f5 exf5 11. Bxf5 g6 12. Bxd7+ Qxd7 13. O-O h5 14. e6 Qxe6 15.
Bg5 Ne7 16. Rae1 Qf5 17. Qg3 Qd7 18. Na4 Rd8 19. Nc5 Qc8 20. Bxe7 1-0

[Event "20. Int. Boeblinger Open"]
[Site "Boeblingen"]
[Date "2003.12.26"]
[Round "1"]
[White "Kinzig, Lars"]
[Black "Luther, Thomas"]
[Result "0-1"]
[WhiteElo "1924"]
[BlackElo "2580"]
[PlyCount "44"]
[EventDate "2003.??.??"]

1. c4 e5 2. Nc3 Bb4 3. Qc2 Nf6 4. Nf3 Qe7 5. d3 e4 6. Nd2 exd3 7. Qxd3 Nc6 8.
Nf3 Ne4 9. Bd2 Nxd2 10. Qxd2 Ne5 11. Nxe5 Qxe5 12. Rc1 O-O 13. a3 Bc5 14. b4
Be7 15. Nd5 Bd8 16. Rc3 c6 17. Ne3 a5 18. Nc2 axb4 19. axb4 Bf6 20. Rd3 d5 21.
cxd5 Bf5 22. Rd4 Bxc2 0-1

[Event "20. Int. Boeblinger Open"]
[Site "Boeblingen"]
[Date "2003.12.26"]
[Round "1"]
[White "Ovsejevitsch, Sergei"]
[Black "Stradinger, Michael"]
[Result "1-0"]
[WhiteElo "2510"]
[BlackElo "1913"]
[PlyCount "65"]
[EventDate "2003.??.??"]

1. d4 d5 2. c4 e6 3. Nc3 Nf6 4. cxd5 exd5 5. Bg5 Be7 6. e3 c6 7. Bd3 Bg4 8.
Nge2 Nbd7 9. O-O h6 10. Bh4 g5 11. Bg3 h5 12. f3 h4 13. fxg4 hxg3 14. Nxg3 Qc7
15. Qf3 O-O-O 16. h3 Bd6 17. Nf5 Bh2+ 18. Kh1 Rde8 19. b4 Re6 20. b5 Bd6 21.
bxc6 bxc6 22. Rac1 Bb4 23. a3 Bxc3 24. Rxc3 Ne4 25. Bxe4 Rxe4 26. Rfc1 Kb7 27.
Ng3 Re7 28. e4 Qf4 29. Qxf4 gxf4 30. Nf5 Rxe4 31. Nd6+ Kb8 32. Rxc6 Rxd4 33.
Rc8+ 1-0

[Event "20. Int. Boeblinger Open"]
[Site "Boeblingen"]
[Date "2003.12.26"]
[Round "1"]
[White "Farago, Ivan"]
[Black "Kaplunov, Vadym"]
[Result "1-0"]
[WhiteElo "2485"]
[BlackElo "1898"]
[PlyCount "61"]
[EventDate "2003.??.??"]

1. d4 Nf6 2. c4 e6 3. Nf3 b6 4. a3 Bb7 5. Nc3 Be7 6. d5 d6 7. e4 e5 8. Bd3 Nbd7
9. O-O h6 10. b4 a5 11. Rb1 Ba6 12. Be3 O-O 13. h3 Nh7 14. bxa5 bxa5 15. Na4
Ng5 16. Nd2 f5 17. exf5 e4 18. Bxg5 exd3 19. Bxe7 Qxe7 20. Nb2 Rxf5 21. Nxd3
Raf8 22. Qc2 Qh4 23. Rbe1 Rg5 24. Re3 Qh5 25. Ne4 Rg6 26. Rfe1 Nb6 27. Ng3 Qg5
28. Re4 h5 29. Nf4 Rxf4 30. Rxf4 Kh7 31. Rf5 1-0

[Event "20. Int. Boeblinger Open"]
[Site "Boeblingen"]
[Date "2003.12.26"]
[Round "1"]
[White "Eckwert, Edgar"]
[Black "Zaitsev, Mikhail"]
[Result "0-1"]
[WhiteElo "1894"]
[BlackElo "2467"]
[PlyCount "100"]
[EventDate "2003.??.??"]

1. d4 d5 2. c4 c5 3. cxd5 Nf6 4. Nf3 cxd4 5. Qxd4 Qxd5 6. Nc3 Qxd4 7. Nxd4 a6
8. Bg5 Nbd7 9. e4 e5 10. Nf5 b5 11. Rd1 b4 12. Nd5 Nxd5 13. exd5 Nb6 14. Bd3 f6
15. Be3 Nxd5 16. Be4 Nxe3 17. Bc6+ Kf7 18. Nxe3 Ra7 19. Rd8 Rc7 20. Ba4 Rc1+
21. Rd1 Rxd1+ 22. Kxd1 Be6 23. b3 Bc5 24. Ke2 Bxe3 25. Kxe3 Rc8 26. Rd1 Ke7 27.
Rd2 g5 28. Ke4 Rc3 29. g3 g4 30. Re2 Bc8 31. Rd2 Ke6 32. Rd3 f5+ 33. Ke3 f4+
34. Kd2 Rxd3+ 35. Kxd3 Kd5 36. Be8 Bf5+ 37. Kd2 Kd4 38. Bh5 Ke4 39. Ke2 Bd7 40.
f3+ gxf3+ 41. Bxf3+ Kd4 42. gxf4 exf4 43. Kd2 a5 44. Bh5 Bc6 45. Bg4 f3 46. Bh5
Ke4 47. Bf7 Bb5 48. Bc4 Bxc4 49. bxc4 a4 50. c5 Kd5 0-1

[Event "20. Int. Boeblinger Open"]
[Site "Boeblingen"]
[Date "2003.12.26"]
[Round "1"]
[White "Gaponenko, Inna"]
[Black "Ferstl, Manfred"]
[Result "1-0"]
[WhiteElo "2409"]
[BlackElo "1845"]
[PlyCount "97"]
[EventDate "2003.??.??"]

1. e4 c5 2. Nf3 e6 3. d3 b6 4. g3 Bb7 5. Bg2 d6 6. O-O Nf6 7. Re1 Nbd7 8. c3
Be7 9. Nbd2 O-O 10. a3 Qc7 11. b4 Rfe8 12. Bb2 Bf8 13. Qb3 a6 14. a4 Rac8 15.
h3 g6 16. Rab1 Bg7 17. Ba1 Bc6 18. Qa3 b5 19. a5 c4 20. dxc4 bxc4 21. Nd4 Bb5
22. Bb2 Ne5 23. Bf1 Nh5 24. Kh2 Qa7 25. Kg2 Nc6 26. N2f3 Qb7 27. Kg1 Ne5 28.
Nxe5 Bxe5 29. Nxb5 Qxb5 30. Rbd1 Qc6 31. Bc1 Bg7 32. Bg2 e5 33. Qa2 Qc7 34. Be3
Nf6 35. Qd2 Bf8 36. Bb6 Qc6 37. f4 Nd7 38. Bf2 f6 39. Qd5+ Kg7 40. Qd2 Kg8 41.
h4 Qc7 42. f5 Be7 43. fxg6 Kg7 44. gxh7 Rh8 45. Bh3 Rxh7 46. Bf5 Rhh8 47. Qe2
Rcg8 48. Be6 Rc8 49. Qg4+ 1-0

[Event "20. Int. Boeblinger Open"]
[Site "Boeblingen"]
[Date "2003.12.26"]
[Round "1"]
[White "Fleischer, Juergen"]
[Black "Souleidis, Georgios"]
[Result "0-1"]
[WhiteElo "1843"]
[BlackElo "2401"]
[PlyCount "40"]
[EventDate "2003.??.??"]

1. e4 c5 2. Nf3 Nc6 3. d4 cxd4 4. Nxd4 Nf6 5. Nc3 e5 6. Nf5 d5 7. exd5 Bxf5 8.
dxc6 bxc6 9. Qf3 Qd7 10. Bg5 e4 11. Qe3 Ng4 12. Qe2 Bc5 13. Bh4 O-O 14. h3 Ne5
15. Nxe4 Bxe4 16. Qxe4 Rfe8 17. Be2 Ng6 18. Qc4 Qe6 19. Qxe6 Rxe6 20. Bg5 Rae8
0-1

[Event "20. Int. Boeblinger Open"]
[Site "Boeblingen"]
[Date "2003.12.26"]
[Round "1"]
[White "Gheng, Josef"]
[Black "Hoelsch, Rainer"]
[Result "1-0"]
[WhiteElo "2367"]
[BlackElo "1829"]
[PlyCount "75"]
[EventDate "2003.??.??"]

1. e4 e5 2. Nf3 d6 3. d4 exd4 4. Qxd4 Nc6 5. Bb5 Bd7 6. Bxc6 Bxc6 7. Bg5 f6 8.
Be3 Ne7 9. Nc3 Ng6 10. O-O-O Be7 11. h4 Qd7 12. h5 Ne5 13. Nh4 b6 14. Nf5 Bf8
15. f4 Nf7 16. h6 Nxh6 17. Nxh6 gxh6 18. Nd5 O-O-O 19. Nxf6 Qf7 20. Nd5 Bg7 21.
Qc4 Kb7 22. Rd3 Bxd5 23. Qxd5+ Qxd5 24. exd5 Rhf8 25. c3 Rde8 26. Rh5 Re4 27.
Kd2 Rf6 28. g3 Bf8 29. Ke2 Re7 30. Kf3 Ref7 31. g4 Kc8 32. f5 Re7 33. Bd4 Rff7
34. Re3 Kd7 35. Re6 c5 36. Be3 b5 37. Bxh6 Bxh6 38. Rhxh6 1-0

[Event "20. Int. Boeblinger Open"]
[Site "Boeblingen"]
[Date "2003.12.26"]
[Round "1"]
[White "Stavridis, Sotirios"]
[Black "Wippermann, Till"]
[Result "0-1"]
[WhiteElo "1826"]
[BlackElo "2353"]
[PlyCount "48"]
[EventDate "2003.??.??"]

1. e4 c5 2. Nf3 d6 3. d4 cxd4 4. Nxd4 Nf6 5. Nc3 g6 6. Be3 Bg7 7. f3 Nc6 8. Qd2
O-O 9. Bc4 Bd7 10. O-O-O Qa5 11. Kb1 Rfc8 12. Bb3 Ne5 13. h4 Nc4 14. Bxc4 Rxc4
15. Nde2 Rac8 16. h5 Nxh5 17. g4 Ng3 18. Rxh7 Kxh7 19. Nxg3 Rxc3 20. e5 Qxe5
21. bxc3 Qxg3 22. Rh1+ Kg8 23. Bd4 e5 24. Bxa7 Qxf3 0-1

[Event "20. Int. Boeblinger Open"]
[Site "Boeblingen"]
[Date "2003.12.26"]
[Round "1"]
[White "Bacher, Simon"]
[Black "Dergatschova-Daus, Anna"]
[Result "0-1"]
[WhiteElo "1807"]
[BlackElo "2296"]
[PlyCount "54"]
[EventDate "2003.??.??"]

1. d4 d5 2. Nf3 c6 3. c4 e6 4. g3 Bd6 5. Bg2 dxc4 6. Qc2 b5 7. Nc3 Bb7 8. O-O
Nd7 9. Bf4 Bxf4 10. gxf4 Ngf6 11. e4 h6 12. e5 Nd5 13. Ne4 O-O 14. Nd6 Qb6 15.
f5 Nf4 16. Qe4 Nxg2 17. Kxg2 exf5 18. Qxf5 Rad8 19. e6 fxe6 20. Qxe6+ Kh8 21.
Nf7+ Rxf7 22. Qxf7 c5 23. dxc5 Qc6 24. Qh5 Ne5 25. Kg3 Rd3 26. Rfe1 Rxf3+ 27.
Kh4 Qf6+ 0-1

[Event "20. Int. Boeblinger Open"]
[Site "Boeblingen"]
[Date "2003.12.26"]
[Round "1"]
[White "Haug, Siegmund"]
[Black "Heinl, Thomas"]
[Result "0-1"]
[WhiteElo "1783"]
[BlackElo "2253"]
[PlyCount "20"]
[EventDate "2003.??.??"]

1. d4 Nf6 2. e3 g6 3. Bd3 Bg7 4. Nd2 O-O 5. Ne2 e5 6. O-O d5 7. f3 c5 8. c3 Qe7
9. Ng3 exd4 10. exd4 Qe3+ 0-1

[Event "20. Int. Boeblinger Open"]
[Site "Boeblingen"]
[Date "2003.12.27"]
[Round "2"]
[White "Fischer, Diana"]
[Black "Baklan, Vladimir"]
[Result "0-1"]
[WhiteElo "2125"]
[BlackElo "2600"]
[PlyCount "80"]
[EventDate "2003.??.??"]

1. e4 c5 2. Nf3 a6 3. c3 e6 4. d4 d5 5. exd5 Qxd5 6. Be3 cxd4 7. Qxd4 Nf6 8.
Bc4 Qxd4 9. Bxd4 Nc6 10. Bb6 Nd7 11. Be3 Bc5 12. Bxc5 Nxc5 13. Nbd2 Ke7 14. O-O
Rd8 15. Rfe1 b5 16. Bf1 Na4 17. b3 Nxc3 18. Rec1 b4 19. a3 Bb7 20. axb4 Nb5 21.
Nc4 Nxb4 22. Nb6 Bxf3 23. Nxa8 Bxa8 24. Ra4 Nd3 25. Bxd3 Rxd3 26. Rxa6 Bd5 27.
b4 Rd4 28. f3 Rxb4 29. Rc5 Nd4 30. Rc7+ Kf6 31. Raa7 e5 32. Ra6+ Be6 33. Kf2
Rb2+ 34. Kf1 g5 35. Rc3 h5 36. Ra4 Bd7 37. Ra6+ Kg7 38. Ra5 Bb5+ 39. Ke1 Rxg2
40. h3 Be2 0-1

[Event "20. Int. Boeblinger Open"]
[Site "Boeblingen"]
[Date "2003.12.27"]
[Round "2"]
[White "Luther, Thomas"]
[Black "Wuest, Michael"]
[Result "1-0"]
[WhiteElo "2580"]
[BlackElo "2124"]
[PlyCount "79"]
[EventDate "2003.??.??"]

1. e4 e5 2. Nf3 Nc6 3. Bb5 a6 4. Ba4 Nf6 5. O-O Be7 6. Re1 b5 7. Bb3 d6 8. c3
O-O 9. h3 Na5 10. Bc2 c5 11. d4 Qc7 12. Nbd2 Rd8 13. b3 Bd7 14. d5 c4 15. b4
Nb7 16. Nf1 g6 17. Ng3 a5 18. Nh2 axb4 19. cxb4 Ra6 20. Ne2 Bf8 21. Nc3 Bg7 22.
Qf3 Rf8 23. Ng4 Nxg4 24. hxg4 Qc8 25. g5 f6 26. gxf6 Rxf6 27. Qg3 Nd8 28. a4
bxa4 29. Bxa4 Bxa4 30. Rxa4 Rxa4 31. Nxa4 Qa6 32. Nc3 Nf7 33. b5 Qa5 34. Qh3
Qc7 35. Be3 h5 36. Ra1 Qb8 37. Qd7 Bh6 38. Qe7 Bg7 39. b6 Nd8 40. Qc7 1-0

[Event "20. Int. Boeblinger Open"]
[Site "Boeblingen"]
[Date "2003.12.27"]
[Round "2"]
[White "Niebergall, Gerhard"]
[Black "Korneev, Oleg"]
[Result "0-1"]
[WhiteElo "2119"]
[BlackElo "2559"]
[PlyCount "50"]
[EventDate "2003.??.??"]

1. e4 e5 2. Nf3 Nc6 3. Bc4 Bc5 4. b4 Bb6 5. a4 a6 6. Nc3 Nf6 7. Nd5 Nxd5 8.
exd5 Nd4 9. a5 Ba7 10. d6 Qf6 11. Ra3 Qxd6 12. O-O O-O 13. c3 Nxf3+ 14. Qxf3
Qg6 15. Re1 Re8 16. d4 d5 17. Bxd5 Bg4 18. Qe3 c6 19. Ba2 Kf8 20. Qd2 Bh3 21.
Qg5 exd4 22. Rxe8+ Rxe8 23. gxh3 Re1+ 24. Kg2 Qe4+ 25. f3 Qe2+ 0-1

[Event "20. Int. Boeblinger Open"]
[Site "Boeblingen"]
[Date "2003.12.27"]
[Round "2"]
[White "Schmied, Andreas"]
[Black "Farago, Ivan"]
[Result "0-1"]
[WhiteElo "2110"]
[BlackElo "2485"]
[PlyCount "42"]
[EventDate "2003.??.??"]

1. e4 c5 2. Nf3 e6 3. d4 cxd4 4. Nxd4 a6 5. Bd3 Nf6 6. O-O Qc7 7. Nc3 Nc6 8.
Nxc6 bxc6 9. Be3 Be7 10. Kh1 O-O 11. f4 d5 12. e5 Nd7 13. Na4 c5 14. c4 d4 15.
Bd2 Bb7 16. b3 Qc6 17. Qe2 f6 18. Rae1 fxe5 19. Rf3 exf4 20. Bxf4 e5 21. Rh3
Rxf4 0-1

[Event "20. Int. Boeblinger Open"]
[Site "Boeblingen"]
[Date "2003.12.27"]
[Round "2"]
[White "Zaitsev, Mikhail"]
[Black "Kulik, Dawid"]
[Result "1-0"]
[WhiteElo "2467"]
[BlackElo "2101"]
[PlyCount "81"]
[EventDate "2003.??.??"]

1. e4 e5 2. Nf3 Nf6 3. Nc3 Nc6 4. g3 d5 5. exd5 Nxd5 6. Bg2 Nxc3 7. bxc3 Bd6 8.
O-O O-O 9. Re1 Re8 10. d3 h6 11. Nd2 Ne7 12. Nc4 Ng6 13. Rb1 Rb8 14. Be3 c5 15.
Qc1 b6 16. Qa3 Re7 17. Nxd6 Qxd6 18. d4 exd4 19. cxd4 Qc7 20. dxc5 bxc5 21.
Bxc5 Rxb1 22. Rxb1 Re2 23. Qxa7 Qxa7 24. Bxa7 Rxc2 25. Ra1 Ne5 26. a4 Ba6 27.
a5 Nc6 28. Be3 Ne5 29. h3 Kf8 30. g4 Ke7 31. Bd4 f6 32. Bxe5 fxe5 33. Bf1 Rc6
34. Bxa6 Rxa6 35. h4 e4 36. Kf1 Ke6 37. Ke2 Ke5 38. Ke3 g5 39. hxg5 hxg5 40.
Ra2 Kd5 41. Ra4 1-0

[Event "20. Int. Boeblinger Open"]
[Site "Boeblingen"]
[Date "2003.12.27"]
[Round "2"]
[White "Winkler, Thorsten"]
[Black "Gaponenko, Inna"]
[Result "0-1"]
[WhiteElo "2096"]
[BlackElo "2409"]
[PlyCount "70"]
[EventDate "2003.??.??"]

1. d4 Nf6 2. c4 g6 3. Nc3 Bg7 4. e4 d6 5. f3 O-O 6. Be3 Nc6 7. Nge2 a6 8. Qd2
Rb8 9. h4 e5 10. d5 Na5 11. Ng3 c5 12. h5 Bd7 13. Bh6 b5 14. Bxg7 Kxg7 15. hxg6
fxg6 16. Qh6+ Kg8 17. O-O-O Nxc4 18. Bxc4 bxc4 19. Nf1 Qa5 20. Rd2 Rb4 21. g4
Rfb8 22. Qe3 Rf8 23. Qh6 Rxb2 24. Kxb2 Rb8+ 25. Kc2 Ba4+ 26. Nxa4 Qxa4+ 27. Kc1
Qa3+ 28. Kd1 Qxf3+ 29. Kc1 Qxe4 30. Rb2 Qe1+ 31. Kc2 Qe2+ 32. Nd2 Qd3+ 33. Kc1
Qc3+ 34. Kd1 Rxb2 35. g5 Qxd2# 0-1

[Event "20. Int. Boeblinger Open"]
[Site "Boeblingen"]
[Date "2003.12.27"]
[Round "2"]
[White "Souleidis, Georgios"]
[Black "Kranebitter, Gerhard"]
[Result "1-0"]
[WhiteElo "2401"]
[BlackElo "2093"]
[PlyCount "62"]
[EventDate "2003.??.??"]

1. e4 e6 2. b3 d5 3. Bb2 d4 4. f4 c5 5. Nf3 Nc6 6. Qe2 Nh6 7. c3 e5 8. Nxe5
Nxe5 9. fxe5 Be7 10. cxd4 cxd4 11. Qc4 O-O 12. Qxd4 Qxd4 13. Bxd4 Rd8 14. Bc3
Bc5 15. Bc4 Be6 16. h3 Rac8 17. Ke2 a6 18. a4 b5 19. axb5 axb5 20. Bxb5 Bxb3
21. Na3 Rb8 22. Rhb1 Rxb5 23. Nxb5 Bc4+ 24. Kf3 Rd3+ 25. Kf4 g5+ 26. Kxg5 Rg3+
27. Kf4 Rxg2 28. d4 Bxb5 29. Rxb5 Be7 30. Rb2 Rg5 31. d5 Rh5 1-0

[Event "20. Int. Boeblinger Open"]
[Site "Boeblingen"]
[Date "2003.12.27"]
[Round "2"]
[White "Muth, Roland"]
[Black "Grooten, Herman"]
[Result "0-1"]
[WhiteElo "2094"]
[BlackElo "2390"]
[PlyCount "64"]
[EventDate "2003.??.??"]

1. e4 c5 2. g3 e6 3. Qe2 Nc6 4. c3 g6 5. Bg2 Bg7 6. f4 Nge7 7. d3 d5 8. e5 b5
9. a3 a5 10. Nf3 Ba6 11. Be3 d4 12. cxd4 Nxd4 13. Nxd4 cxd4 14. Bxd4 Rc8 15.
Be3 Nf5 16. O-O Bf8 17. Rd1 Nd4 18. Bxd4 Qxd4+ 19. Kh1 b4 20. Be4 Bb5 21. axb4
axb4 22. Ra8 Rxa8 23. Bxa8 Bc5 24. Be4 O-O 25. Qc2 Rd8 26. Rc1 Bb6 27. Rd1 Rd7
28. Qb3 Ra7 29. Nc3 bxc3 30. Qxb5 cxb2 31. Kg2 Ra1 32. Qb3 Qg1+ 0-1

[Event "20. Int. Boeblinger Open"]
[Site "Boeblingen"]
[Date "2003.12.27"]
[Round "2"]
[White "Wippermann, Till"]
[Black "Bogner, Norbert"]
[Result "1-0"]
[WhiteElo "2353"]
[BlackElo "2081"]
[PlyCount "37"]
[EventDate "2003.??.??"]

1. e4 c5 2. Nc3 Nc6 3. f4 g6 4. Nf3 Bg7 5. Bb5 Nd4 6. O-O e6 7. a4 Nxb5 8. Nxb5
d5 9. exd5 a6 10. Nc3 exd5 11. Re1+ Ne7 12. Qe2 Bf6 13. b3 O-O 14. Ba3 Qc7 15.
Qf2 Bf5 16. Bxc5 Bxc2 17. Bxe7 Bxe7 18. Nxd5 Bc5 19. d4 1-0

[Event "20. Int. Boeblinger Open"]
[Site "Boeblingen"]
[Date "2003.12.27"]
[Round "2"]
[White "Kabisch, Thilo"]
[Black "Schwertel, Johann"]
[Result "1-0"]
[WhiteElo "2274"]
[BlackElo "2057"]
[PlyCount "47"]
[EventDate "2003.??.??"]

1. e4 d5 2. exd5 Qxd5 3. Nc3 Qa5 4. d4 c6 5. Bc4 Bf5 6. Bd2 e6 7. Nf3 Nf6 8.
Qe2 Bb4 9. Ne5 O-O 10. g4 Bg6 11. h4 Nd5 12. h5 Bxc2 13. Rc1 Ba4 14. g5 Nxc3
15. bxc3 Ba3 16. g6 Bxc1 17. gxf7+ Rxf7 18. Nxf7 Bxd2+ 19. Kxd2 Bb5 20. Nh6+
Kf8 21. Qf3+ Ke7 22. Rg1 Qa3 23. Rxg7+ Kd8 24. Qf6+ 1-0

[Event "20. Int. Boeblinger Open"]
[Site "Boeblingen"]
[Date "2003.12.27"]
[Round "2"]
[White "Adam, Wilfried"]
[Black "Schuurman, Petra"]
[Result "0-1"]
[WhiteElo "2071"]
[BlackElo "2263"]
[PlyCount "50"]
[EventDate "2003.??.??"]

1. e4 c6 2. Nf3 d5 3. e5 Bg4 4. d4 e6 5. Nbd2 c5 6. dxc5 Bxc5 7. c4 Qb6 8. Qe2
Nd7 9. cxd5 exd5 10. Nb3 Bb4+ 11. Bd2 Bxf3 12. gxf3 Bxd2+ 13. Qxd2 Ne7 14. f4
Qg6 15. Bd3 Qg4 16. Qe3 Ng6 17. Bxg6 hxg6 18. h3 Qh5 19. Rc1 O-O 20. O-O Rfe8
21. Rc7 Rad8 22. Rxb7 g5 23. fxg5 Rxe5 24. Qd3 Rxg5+ 25. Kh2 Ne5 0-1

[Event "20. Int. Boeblinger Open"]
[Site "Boeblingen"]
[Date "2003.12.27"]
[Round "3"]
[White "Baklan, Vladimir"]
[Black "Hottes, Dieter"]
[Result "1-0"]
[WhiteElo "2600"]
[BlackElo "2214"]
[PlyCount "85"]
[EventDate "2003.??.??"]

1. e4 b6 2. d4 Bb7 3. Bd3 Nf6 4. Qe2 e6 5. Nf3 d5 6. e5 Nfd7 7. O-O c5 8. c3
Be7 9. a3 Nc6 10. Re1 g5 11. Be3 c4 12. Bc2 h6 13. Nfd2 h5 14. f4 gxf4 15. Bxf4
Qc7 16. Nf3 O-O-O 17. Ng5 Rdf8 18. Nd2 Qd8 19. h4 Qe8 20. Rf1 a6 21. Rf2 Nd8
22. Raf1 Bc6 23. Rf3 Rfg8 24. Be3 Rg7 25. Qf2 Qg8 26. Kh1 Nf8 27. Kh2 Be8 28.
g3 b5 29. a4 b4 30. cxb4 Nc6 31. b5 Nb4 32. Bb1 axb5 33. axb5 Bxg5 34. Bxg5
Rxg5 35. hxg5 Qxg5 36. Qe3 Qxe3 37. Rxe3 Bxb5 38. Rxf7 Ba4 39. b3 Be8 40. Rg7
cxb3 41. Rc3+ Kd8 42. Nxb3 Nd7 43. Na5 1-0

[Event "20. Int. Boeblinger Open"]
[Site "Boeblingen"]
[Date "2003.12.27"]
[Round "3"]
[White "Kapic, Ibrahim"]
[Black "Luther, Thomas"]
[Result "0-1"]
[WhiteElo "2231"]
[BlackElo "2580"]
[PlyCount "100"]
[EventDate "2003.??.??"]

1. e4 e6 2. d4 d5 3. Nc3 Nf6 4. Bg5 dxe4 5. Nxe4 Be7 6. Nxf6+ Bxf6 7. Bxf6 Qxf6
8. Nf3 O-O 9. Bd3 c5 10. O-O cxd4 11. Nxd4 Rd8 12. Nb5 Nc6 13. Qc1 a6 14. Nc3
b5 15. Ne4 Qe7 16. a3 Ne5 17. Be2 Bb7 18. Qe3 Rac8 19. c3 Nc4 20. Bxc4 Rxc4 21.
Ng3 Qd6 22. Qe2 Rc5 23. Rad1 Rd5 24. Rxd5 Qxd5 25. f3 h5 26. Ne4 Qe5 27. Re1
Bxe4 28. fxe4 Qg5 29. Qf2 Rd2 30. Qf3 Rxb2 31. Rd1 Rd2 32. Rf1 Qg6 33. h3 Ra2
34. e5 Rxa3 35. Rf2 Ra1+ 36. Rf1 Rxf1+ 37. Qxf1 Qe4 38. Qa1 Qa4 39. Qc1 a5 40.
Qg5 Qd1+ 41. Kh2 a4 42. Qe7 Qf1 43. Qb4 Qc4 44. Qd6 Qxc3 45. Qb8+ Kh7 46. Qxb5
a3 47. Qe2 g6 48. Qe4 a2 49. Qf4 Kg8 50. Qf6 a1=Q 0-1

[Event "20. Int. Boeblinger Open"]
[Site "Boeblingen"]
[Date "2003.12.27"]
[Round "3"]
[White "Hoffmann, Hans"]
[Black "Zaitsev, Mikhail"]
[Result "1/2-1/2"]
[WhiteElo "2194"]
[BlackElo "2467"]
[PlyCount "75"]
[EventDate "2003.??.??"]

1. c4 e5 2. Nc3 Nf6 3. Nf3 Nc6 4. g3 Nd4 5. Bg2 Nxf3+ 6. Bxf3 Bb4 7. O-O O-O 8.
d3 h6 9. Nd5 Nxd5 10. Bxd5 c6 11. Bg2 Bc5 12. e4 d6 13. Be3 Qb6 14. Qe2 f5 15.
Bxc5 Qxc5 16. exf5 Bxf5 17. Rad1 Qd4 18. Kh1 Rf6 19. f4 Re8 20. g4 Bd7 21. f5
h5 22. g5 Rxf5 23. Qxh5 Qg4 24. Qxg4 Rxf1+ 25. Rxf1 Bxg4 26. Be4 Be6 27. Kg2
Rd8 28. b3 d5 29. Bf5 Bxf5 30. Rxf5 Kh7 31. Rxe5 dxc4 32. dxc4 Rd2+ 33. Kg3
Rxa2 34. h4 Rb2 35. Re3 Kg6 36. Kg4 Rg2+ 37. Kf3 Rb2 38. Kg4 1/2-1/2

[Event "20. Int. Boeblinger Open"]
[Site "Boeblingen"]
[Date "2003.12.27"]
[Round "3"]
[White "Leimeister, Erhard"]
[Black "Siebrecht, Sebastian"]
[Result "0-1"]
[WhiteElo "2182"]
[BlackElo "2435"]
[PlyCount "40"]
[EventDate "2003.??.??"]

1. d4 c5 2. d5 e5 3. c4 d6 4. Nc3 Be7 5. Nf3 Na6 6. e4 Nc7 7. Bd3 a6 8. a4 b6
9. Rb1 Bg4 10. h3 Bxf3 11. Qxf3 Bg5 12. Qg3 Bxc1 13. Qxg7 Qg5 14. Qxh8 Qd2+ 15.
Kf1 Ke7 16. Qxh7 Qxd3+ 17. Kg1 Bf4 18. g3 Bxg3 19. fxg3 Qxg3+ 20. Kf1 Qf3+ 0-1

[Event "20. Int. Boeblinger Open"]
[Site "Boeblingen"]
[Date "2003.12.27"]
[Round "3"]
[White "Denger, Philipp"]
[Black "Souleidis, Georgios"]
[Result "0-1"]
[WhiteElo "2167"]
[BlackElo "2401"]
[PlyCount "76"]
[EventDate "2003.??.??"]

1. c4 g6 2. Nc3 Bg7 3. g3 e5 4. Bg2 d6 5. d3 h6 6. e3 Nf6 7. Nge2 O-O 8. O-O
Nc6 9. a3 a5 10. b3 Bd7 11. Bb2 Qc8 12. Qd2 Bh3 13. e4 Bxg2 14. Kxg2 Qd7 15. f3
Nh7 16. Nd5 Ne7 17. Nxe7+ Qxe7 18. a4 f5 19. Rad1 Nf6 20. h3 Kh7 21. Bc1 Nd7
22. Qc2 Nc5 23. Ba3 Ne6 24. Bc1 c6 25. Ba3 Rf7 26. Qd2 Qd7 27. Rde1 d5 28. Rd1
fxe4 29. fxe4 Rxf1 30. Kxf1 Ng5 31. h4 Qh3+ 32. Kf2 Qh2+ 33. Kf1 Nh3 34. Bc5 d4
35. Qe1 Qh1+ 36. Ng1 Qxg1+ 37. Ke2 Qe3+ 38. Kf1 Qf3+ 0-1

[Event "20. Int. Boeblinger Open"]
[Site "Boeblingen"]
[Date "2003.12.27"]
[Round "3"]
[White "Grooten, Herman"]
[Black "Szenetra, Werner"]
[Result "1-0"]
[WhiteElo "2390"]
[BlackElo "2167"]
[PlyCount "83"]
[EventDate "2003.??.??"]

1. d4 d6 2. Nf3 Nf6 3. c4 g6 4. Nc3 Bg7 5. e4 O-O 6. Be2 e5 7. Be3 Nbd7 8. O-O
Re8 9. d5 a5 10. Nd2 b6 11. a3 Rf8 12. Qc2 Ne8 13. Bg4 Nef6 14. Bh3 Nh5 15. g3
Ndf6 16. Bxc8 Qxc8 17. f3 Qh3 18. Nb3 Ne8 19. Qg2 Qd7 20. Nc1 f5 21. Nd3 f4 22.
Bd2 fxg3 23. hxg3 Qe7 24. b4 Rf7 25. bxa5 bxa5 26. Rf2 Qf8 27. Raf1 Bh6 28. f4
exf4 29. gxf4 Kh8 30. Nb5 Qe7 31. Nd4 Neg7 32. Ne6 Nxe6 33. dxe6 Rff8 34. Qh3
Bg7 35. Rg2 Bd4+ 36. Kh2 Rab8 37. f5 Rb3 38. Rf3 Qg7 39. Ne1 Qe5+ 40. Kh1 Rxf3
41. Nxf3 Nf4 42. Qh6 1-0

[Event "20. Int. Boeblinger Open"]
[Site "Boeblingen"]
[Date "2003.12.27"]
[Round "3"]
[White "Kloepfer, Markus"]
[Black "Wippermann, Till"]
[Result "0-1"]
[WhiteElo "2163"]
[BlackElo "2353"]
[PlyCount "77"]
[EventDate "2003.??.??"]

1. Nf3 c5 2. g3 g6 3. Bg2 Bg7 4. O-O Nc6 5. d3 d6 6. e4 Nf6 7. Bd2 O-O 8. a4
Nd7 9. Nc3 Rb8 10. Qc1 Nd4 11. Nxd4 cxd4 12. Ne2 Qc7 13. c4 Nc5 14. Qc2 a5 15.
Rae1 Bd7 16. b3 e5 17. Kh1 f5 18. Ng1 Bc6 19. h4 Qb6 20. exf5 gxf5 21. Bc1 Nxb3
22. Bg5 Nc5 23. Nh3 h6 24. Qe2 hxg5 25. Nxg5 Bxg2+ 26. Kxg2 Qc6+ 27. Kh2 Qe8
28. Rb1 Bh6 29. f4 exf4 30. Qf3 Bxg5 31. hxg5 fxg3+ 32. Kg2 f4 33. Rb6 Rd8 34.
Rh1 Rf5 35. Rh5 Rd7 36. Qg4 Qe5 37. Rb2 f3+ 38. Kh3 f2 39. Kg2 0-1

[Event "20. Int. Boeblinger Open"]
[Site "Boeblingen"]
[Date "2003.12.27"]
[Round "3"]
[White "Schneider, Ilja"]
[Black "Fichter, Michael"]
[Result "1-0"]
[WhiteElo "2316"]
[BlackElo "2141"]
[PlyCount "39"]
[EventDate "2003.??.??"]

1. e4 c5 2. c3 Nf6 3. e5 Nd5 4. d4 cxd4 5. cxd4 e6 6. Nf3 d6 7. a3 Bd7 8. Bd3
Bc6 9. O-O Nd7 10. Re1 Be7 11. Nbd2 Qc7 12. Nc4 O-O 13. Ng5 h6 14. Nh7 Rfe8 15.
Qg4 Kh8 16. Qh5 dxe5 17. Qxf7 e4 18. Rxe4 N7f6 19. Rh4 Nxh7 20. Bxh6 1-0

[Event "20. Int. Boeblinger Open"]
[Site "Boeblingen"]
[Date "2003.12.27"]
[Round "3"]
[White "Konson, Konstantin"]
[Black "Kessler, Stefan"]
[Result "1-0"]
[WhiteElo "2251"]
[BlackElo "2040"]
[PlyCount "59"]
[EventDate "2003.??.??"]

1. e4 c5 2. Nf3 e6 3. d4 cxd4 4. Nxd4 a6 5. Nc3 Qc7 6. Be3 Nf6 7. Bd3 Bb4 8.
Nde2 Nc6 9. O-O O-O 10. Ng3 Qa5 11. f4 Bxc3 12. bxc3 Qxc3 13. e5 Nd5 14. Ne4
Qa5 15. Qh5 Ncb4 16. Bc5 Nxd3 17. Bxf8 N3xf4 18. Qf3 Kxf8 19. c4 Qb6+ 20. Kh1
Qe3 21. cxd5 Qxf3 22. Rxf3 Nxd5 23. Nd6 f5 24. exf6 gxf6 25. Rc1 Ne7 26. Rxf6+
Kg8 27. Rcf1 Nf5 28. Nxf5 exf5 29. R1xf5 b5 30. Rg5+ 1-0

[Event "20. Int. Boeblinger Open"]
[Site "Boeblingen"]
[Date "2003.12.27"]
[Round "3"]
[White "Remmler, Hans-Peter"]
[Black "Bolay, Stefan Andreas Chri"]
[Result "1/2-1/2"]
[WhiteElo "2243"]
[BlackElo "1775"]
[PlyCount "59"]
[EventDate "2003.??.??"]

1. e4 c5 2. Nf3 e6 3. d4 cxd4 4. Nxd4 a6 5. Bd3 d6 6. O-O b6 7. c4 Bb7 8. Nc3
Nd7 9. b3 Ngf6 10. Qe2 Be7 11. Bb2 Qc7 12. Kh1 h5 13. f4 h4 14. Rae1 Nh5 15.
Nd5 Qd8 16. e5 Nc5 17. exd6 Bxd6 18. Nf5 Kf8 19. Qxh5 Rxh5 20. Bxg7+ Kg8 21.
Nf6+ Qxf6 22. Bxf6 exf5 23. Be2 Rh6 24. Bg5 Rg6 25. Bf3 Bxf3 26. Rxf3 Re6 27.
Rd1 Re4 28. Bxh4 Bxf4 29. g3 Be3 30. Rxf5 1/2-1/2